|
|
|
|
| LEADER |
00000naa2a2200000 4500 |
| 001 |
505286 |
| 005 |
20240130105155.0 |
| 035 |
|
|
|a (RuTPU)RU\TPU\prd\176103
|
| 035 |
|
|
|a RU\TPU\prd\176097
|
| 090 |
|
|
|a 505286
|
| 100 |
|
|
|a 20130419a2010 k y0rusy50 ca
|
| 101 |
0 |
|
|a rus
|
| 102 |
|
|
|a RU
|
| 200 |
1 |
|
|a Новые возможности контроля процесса бурения скважин
|f В. Д. Евсеев, А. В. Епихин, М. А. Самохвалов
|
| 320 |
|
|
|a Библиогр.: 5 назв.
|
| 330 |
|
|
|a Показана перспективность методики регистрации механоэлектрических явлений путем записи электрических токов через породоразрушающий инструмент для оперативного контроля процесса бурения скважин
|
| 461 |
|
1 |
|0 (RuTPU)RU\TPU\prd\6484
|t Бурение и нефть
|o научно-практический журнал
|f ООО "Бурнефть"
|d 2002-
|
| 463 |
|
1 |
|0 (RuTPU)RU\TPU\prd\140099
|t № 10
|v С. 28-30
|d 2010
|
| 610 |
1 |
|
|a труды учёных ТПУ
|
| 700 |
|
1 |
|a Евсеев
|b В. Д.
|c горный инженер
|c профессор Томского политехнического университета, доктор технических наук
|f 1947-
|g Виктор Дмитриевич
|3 (RuTPU)RU\TPU\pers\26127
|9 11956
|
| 701 |
|
1 |
|a Епихин
|b А. В.
|c специалист в области нефтегазового дела
|c старший преподаватель Томского политехнического университета
|f 1988-
|g Антон Владимирович
|3 (RuTPU)RU\TPU\pers\25759
|9 11655
|
| 701 |
|
1 |
|a Самохвалов
|b М. А.
|c специалист в области нефтепромыслового оборудования
|c доцент Томского политехнического университета
|g Михаил Андреевич
|3 (RuTPU)RU\TPU\pers\26126
|
| 801 |
|
1 |
|a RU
|b 63413507
|c 20130419
|
| 801 |
|
2 |
|a RU
|b 63413507
|c 20130419
|g RCR
|
| 942 |
|
|
|c BK
|